| 000 | 004350000a22001810004500 | ||
|---|---|---|---|
| 003 | MACL | ||
| 005 | 20150822105505.0 | ||
| 008 | 150822b xxu||||| |||| 00| 0 eng d | ||
| 040 |
_aMACL _cMACL |
||
| 041 | _aEnglish | ||
| 082 | _a610/SEN | ||
| 100 |
_aSengar, Devendra _96641 |
||
| 245 |
_aFitness _bHow To Be Fit |
||
| 260 |
_bKunal Prakashan _c2007 _aDelhi |
||
| 350 | _a300 | ||
| 650 |
_aMedical Science _985 |
||
| 942 |
_cBK _k610 _2ddc |
||
| 999 |
_c8106 _d8106 |
||